00942pab a2200205 454500008004000000100001800040245009800058260000900156300001200165362001200177520029500189650003600484650002800520650002000548700001700568773002000585909001000605999001700615952010400632180718b2001 xxu||||| |||| 00| 0 eng d aHegde, Dinesh aIndia's economic reforms: an examination of the effect of liberalization in selected segments c2001 ap.5-29. aOct-Dec aIn the present state of things, inflation is like Mark Twain's famous quip about the weather, "Everybody talks about the weather but nobody does anything about it," and reminiscent of the politician's platform for `flation' because he was against both inflation and deflation. - Reproduced. aEconomic liberalization - India aEconomic reform - India aEconomic reform aSadri, Sorab aIASSI Quarterly a54952 c54952d54952 00104070aIIPAbIIPAd2018-07-19hVolume no: 20, Issue no: 2pAR55397r2018-07-19w2018-07-19yAR